| Tag |
First Indicator |
Second Indicator |
Subfields |
| LEADER |
00000cam a2200000 4500 |
| 001 |
in00000079322 |
| 005 |
20151008060824.0 |
| 008 |
740808s1955 nyua 00000 eng d |
| 010 |
|
|
|a 55014822
|
| 035 |
|
|
|a (OCoLC)00974496
|
| 035 |
|
|
|9 AAJ6658AM
|
| 040 |
|
|
|c ITD
|d TXA
|d UtOrBLW
|
| 049 |
|
|
|a TXAM
|c 1 [1372458], 2 [265941]
|
| 050 |
0 |
0 |
|a HN18
|b F55
|
| 082 |
0 |
|
|a 301
|
| 100 |
1 |
|
|a Fiore, Michele.
|
| 245 |
1 |
0 |
|a Welfare of nations.
|
| 264 |
|
1 |
|a New York :
|b Philosophical Library,
|c [1955]
|
| 264 |
|
4 |
|c [©1955]
|
| 300 |
|
|
|a 708 pages :
|b illustrations ;
|c 24 cm.
|
| 336 |
|
|
|a text
|b txt
|2 rdacontent
|
| 337 |
|
|
|a unmediated
|b n
|2 rdamedia
|
| 338 |
|
|
|a volume
|b nc
|2 rdacarrier
|
| 650 |
|
0 |
|a Social policy.
|
| 650 |
|
0 |
|a Economic policy.
|
| 999 |
|
|
|a MARS
|
| 999 |
f |
f |
|s 07711ddf-ea01-3e42-aaac-511c74df7996
|i b2154b9c-39e4-389a-acd8-5b43cfc39a74
|t 0
|
| 952 |
f |
f |
|p normal
|a Texas A&M University
|b College Station
|c Sterling C. Evans Library
|d Evans: Library Stacks
|t 0
|e HN18 F55
|h Library of Congress classification
|i unmediated -- volume
|m A14806140229
|
| 998 |
f |
f |
|a HN18 F55
|t 0
|l Evans: Library Stacks
|